[Event "3. Open de Calviá 2006 Aficionados"]
[Site "Calvia ESP"]
[Date "2006.10.11"]
[Round "1.1"]
[White "Vrban, Mladen"]
[Black "Perez Prieto, German"]
[Result "1-0"]
[WhiteElo "2297"]
[BlackElo "2079"]
[PlyCount "71"]
[EventDate "2006.10.20"]
[EventType "swiss"]
[EventRounds "9"]
[EventCountry "ESP"]
[Source "lmi"]
[SourceDate "2006.10.20"]

1. e4 d5 2. exd5 Qxd5 3. Nc3 Qa5 4. d4 c6 5. Nf3 Bg4 6. h3 Bxf3 7. Qxf3 Nf6 8.
Bd3 e6 9. O-O Bd6 10. Nb5 Be7 11. Bf4 Na6 12. Nd6+ Bxd6 13. Bxd6 Rd8 14. Qg3
Qd5 15. Ba3 g5 16. Rfe1 Qxd4 17. Bxa6 bxa6 18. Qc7 Qd7 19. Qa5 Nd5 20. Rad1 Qb7
21. Qd2 Rd7 22. Qxg5 Ne7 23. Rxd7 Qxd7 24. Bxe7 Qxe7 25. Qe5 Rg8 26. Qb8+ Qd8
27. Qxa7 Qg5 28. Qb8+ Ke7 29. Qb7+ Kf8 30. Qxc6 Qd2 31. Qc5+ Ke8 32. Re3 Rg6
33. Rd3 Qc1+ 34. Kh2 Qxb2 35. Qc8+ Ke7 36. Qd8# 1-0

[Event "3. Open de Calviá 2006 Aficionados"]
[Site "Calvia ESP"]
[Date "2006.10.11"]
[Round "1.4"]
[White "Juan Mas, Santiago"]
[Black "Barcelo, Pedro"]
[Result "0-1"]
[WhiteElo "2059"]
[BlackElo "2261"]
[PlyCount "66"]
[EventDate "2006.10.20"]
[EventType "swiss"]
[EventRounds "9"]
[EventCountry "ESP"]
[Source "lmi"]
[SourceDate "2006.10.20"]

1. e4 e6 2. d4 d5 3. Nc3 Nf6 4. Bg5 Bb4 5. e5 h6 6. Bd2 Bxc3 7. bxc3 Ne4 8. Bd3
Nxd2 9. Qxd2 c5 10. Nf3 Qa5 11. O-O c4 12. Be2 Qa3 13. Kh1 Nd7 14. Ng1 Nb6 15.
Bg4 Na4 16. Ne2 b5 17. f4 a5 18. f5 exf5 19. Bxf5 Bxf5 20. Rxf5 O-O 21. Rf3 b4
22. Rg3 Ra6 23. Nf4 b3 24. cxb3 cxb3 25. Nxd5 b2 26. Rb1 Qxa2 27. Ne7+ Kh8 28.
Qc2 Re8 29. Nf5 Rg6 30. Rf3 Rc8 31. h3 Rgc6 32. Nd6 Rxc3 33. Nxf7+ Qxf7 0-1

[Event "3. Open de Calviá 2006 Aficionados"]
[Site "Calvia ESP"]
[Date "2006.10.11"]
[Round "1.5"]
[White "Tattersall, Lester"]
[Black "Martinez Vicario, Jose Maria"]
[Result "1-0"]
[WhiteElo "2254"]
[BlackElo "2051"]
[PlyCount "67"]
[EventDate "2006.10.20"]
[EventType "swiss"]
[EventRounds "9"]
[EventCountry "ESP"]
[Source "lmi"]
[SourceDate "2006.10.20"]

1. e4 e5 2. Nf3 Nc6 3. d4 exd4 4. Nxd4 Nf6 5. Nxc6 bxc6 6. e5 Qe7 7. Qe2 Nd5 8.
c4 Ba6 9. b3 O-O-O 10. f4 g5 11. fxg5 Bg7 12. Bb2 Qxg5 13. Nd2 Rhe8 14. Nf3 Qh6
15. Qf2 Ne3 16. Bd3 d5 17. Bd4 Bxe5 18. Nxe5 Rxe5 19. Bxe5 Re8 20. Qf6 Nxg2+
21. Kf2 Qe3+ 22. Kxg2 Rxe5 23. Bf5+ Kb7 24. Rhf1 Qd2+ 25. Rf2 Qe3 26. cxd5 Rxd5
27. Qh4 Kb6 28. Qf4 Qe7 29. Rc1 Qf6 30. Be4 Qg7+ 31. Kh1 Rd6 32. a4 c5 33. Rfc2
Rf6 34. Qe3 1-0

[Event "3. Open de Calviá 2006 Aficionados"]
[Site "Calvia ESP"]
[Date "2006.10.11"]
[Round "1.6"]
[White "Ruiz Vinals, Matias"]
[Black "Segura Ariza, Jose Luis"]
[Result "1/2-1/2"]
[WhiteElo "2030"]
[BlackElo "2238"]
[PlyCount "36"]
[EventDate "2006.10.20"]
[EventType "swiss"]
[EventRounds "9"]
[EventCountry "ESP"]
[Source "lmi"]
[SourceDate "2006.10.20"]

1. e4 e6 2. d4 d5 3. Nc3 Nf6 4. Bg5 Bb4 5. e5 h6 6. exf6 hxg5 7. fxg7 Rg8 8. h4
Rxg7 9. hxg5 Qxg5 10. Rh8+ Rg8 11. Qh5 Qxh5 12. Rxh5 Nd7 13. O-O-O Nf6 14. Rh3
Bd7 15. a3 Bd6 16. g3 a6 17. Rh1 c5 18. Bh3 Ne4 1/2-1/2

[Event "3. Open de Calviá 2006 Aficionados"]
[Site "Calvia ESP"]
[Date "2006.10.11"]
[Round "1.7"]
[White "Lacrosse, Marc"]
[Black "Loerke, Reinhard"]
[Result "1-0"]
[WhiteElo "2238"]
[BlackElo "2014"]
[PlyCount "55"]
[EventDate "2006.10.20"]
[EventType "swiss"]
[EventRounds "9"]
[EventCountry "ESP"]
[Source "lmi"]
[SourceDate "2006.10.20"]

1. d4 Nf6 2. c4 g6 3. Nc3 d5 4. cxd5 Nxd5 5. Bd2 Nf6 6. Bg5 Bg7 7. e4 c5 8. d5
Qa5 9. Qd2 h6 10. Bh4 g5 11. Bg3 Nh5 12. Be2 Nxg3 13. hxg3 Nd7 14. f4 g4 15. e5
h5 16. Bc4 a6 17. Nge2 b5 18. Bd3 c4 19. Bc2 b4 20. Ne4 Qb6 21. O-O-O a5 22.
Qd4 Qxd4 23. Nxd4 a4 24. Rhe1 b3 25. Bb1 a3 26. bxa3 bxa2 27. Bxa2 Rxa3 28.
Bxc4 1-0

[Event "3. Open de Calviá 2006 Aficionados"]
[Site "Calvia ESP"]
[Date "2006.10.11"]
[Round "1.10"]
[White "Moreno Garcia, Alfonso"]
[Black "Ehsan, Ali"]
[Result "1/2-1/2"]
[WhiteElo "1988"]
[BlackElo "2236"]
[PlyCount "78"]
[EventDate "2006.10.20"]
[EventType "swiss"]
[EventRounds "9"]
[EventCountry "ESP"]
[Source "lmi"]
[SourceDate "2006.10.20"]

1. e4 e5 2. Nf3 Nc6 3. Bb5 a6 4. Ba4 Nf6 5. d3 b5 6. Bb3 Be7 7. c3 O-O 8. O-O
d6 9. h3 Na5 10. Bc2 c5 11. Re1 Qc7 12. Nbd2 Re8 13. Nf1 h6 14. Ng3 Bf8 15. Bd2
Bd7 16. Qe2 d5 17. Nh2 c4 18. Ng4 Nxg4 19. hxg4 cxd3 20. Bxd3 dxe4 21. Qxe4 g6
22. Rad1 Nc4 23. Bc1 Rad8 24. Bc2 Bc6 25. Qe2 a5 26. Ne4 Rxd1 27. Rxd1 Rd8 28.
Rxd8 Qxd8 29. Qf3 Bg7 30. b3 Nb6 31. g5 hxg5 32. Qe3 Nd5 33. Qc5 Ne7 34. Bxg5
Bxe4 35. Bxe7 Qa8 36. Bxe4 Qxe4 37. Qc8+ Kh7 38. Qh3+ Kg8 39. Qc8+ Kh7 1/2-1/2

[Event "3. Open de Calviá 2006 Aficionados"]
[Site "Calvia ESP"]
[Date "2006.10.11"]
[Round "1.11"]
[White "Diogo, Vasco"]
[Black "Marques Mora, Antonio"]
[Result "0-1"]
[WhiteElo "2220"]
[BlackElo "1987"]
[PlyCount "96"]
[EventDate "2006.10.20"]
[EventType "swiss"]
[EventRounds "9"]
[EventCountry "ESP"]
[Source "lmi"]
[SourceDate "2006.10.20"]

1. e4 c5 2. Nf3 Nc6 3. d4 cxd4 4. Nxd4 Nf6 5. Nc3 d6 6. Bg5 Qb6 7. Nb3 e6 8.
Be3 Qd8 9. Be2 Be7 10. O-O O-O 11. f4 a6 12. Bf3 Qc7 13. a4 Rd8 14. a5 Nd7 15.
Na4 Nc5 16. Qe1 Nxa4 17. Rxa4 Qd7 18. Ra1 Bf6 19. c3 Re8 20. Qf2 Bd8 21. Rfd1
Qe7 22. Bb6 Bd7 23. Rd2 Bxb6 24. Qxb6 Rad8 25. Rad1 Bc8 26. Nd4 Nxd4 27. Rxd4
d5 28. c4 Rd7 29. cxd5 exd5 30. Rxd5 Rxd5 31. Rxd5 Be6 32. Rd1 Rc8 33. e5 g6
34. Qd6 Qc7 35. Qxc7 Rxc7 36. Rd2 Rc5 37. Bxb7 Rxa5 38. Kf2 Ra4 39. Ke3 a5 40.
g3 Rb4 41. Bc6 Rb3+ 42. Kf2 Kg7 43. Bf3 Rb4 44. Ke3 Bf5 45. g4 Be6 46. Rc2 Rb5
47. Kd4 Rb4+ 48. Kd3 Rb5 0-1

[Event "3. Open de Calviá 2006 Aficionados"]
[Site "Calvia ESP"]
[Date "2006.10.11"]
[Round "1.12"]
[White "Gilabert Mallol, Estanislau"]
[Black "Voiteanu, Gabriel"]
[Result "0-1"]
[WhiteElo "1976"]
[BlackElo "2218"]
[PlyCount "58"]
[EventDate "2006.10.20"]
[EventType "swiss"]
[EventRounds "9"]
[EventCountry "ESP"]
[Source "lmi"]
[SourceDate "2006.10.20"]

1. e4 e5 2. Nf3 Nf6 3. Nc3 Bb4 4. Bc4 O-O 5. O-O d6 6. d3 Bg4 7. Bg5 Bxc3 8.
bxc3 h6 9. Bh4 g5 10. Bg3 Nc6 11. Qe2 Na5 12. Bb3 Nh5 13. Qe3 Nf4 14. d4 Qe7
15. Rfe1 b6 16. Nd2 Kg7 17. Nc4 Nb7 18. a4 a5 19. Qd2 Rae8 20. Ne3 Bc8 21. f3
h5 22. h4 f6 23. Bxf4 gxf4 24. Nd5 Qd8 25. c4 Kh7 26. dxe5 fxe5 27. Qf2 Nc5 28.
Rad1 Rg8 29. Kh1 Rg3 0-1

[Event "3. Open de Calviá 2006 Aficionados"]
[Site "Calvia ESP"]
[Date "2006.10.11"]
[Round "1.13"]
[White "Kozarcanin, Sead"]
[Black "Moreno Cervera, Jose Luis"]
[Result "1-0"]
[WhiteElo "2213"]
[BlackElo "1959"]
[PlyCount "33"]
[EventDate "2006.10.20"]
[EventType "swiss"]
[EventRounds "9"]
[EventCountry "ESP"]
[Source "lmi"]
[SourceDate "2006.10.20"]

1. e4 d5 2. exd5 Qxd5 3. Nf3 Nf6 4. Nc3 Qa5 5. Bc4 Bg4 6. h3 Bxf3 7. Qxf3 c6 8.
O-O Nbd7 9. d4 e6 10. Bf4 Be7 11. Rfe1 O-O 12. Rad1 Nb6 13. Bb3 Nbd5 14. Ne2
Nxf4 15. Nxf4 Rad8 16. c3 Qf5 17. Re5 1-0

[Event "3. Open de Calviá 2006 Aficionados"]
[Site "Calvia ESP"]
[Date "2006.10.11"]
[Round "1.14"]
[White "Morant Sampol, Jaime"]
[Black "Pascual Genoves, Marc"]
[Result "1/2-1/2"]
[WhiteElo "1927"]
[BlackElo "2206"]
[PlyCount "88"]
[EventDate "2006.10.20"]
[EventType "swiss"]
[EventRounds "9"]
[EventCountry "ESP"]
[Source "lmi"]
[SourceDate "2006.10.20"]

1. c4 g6 2. d4 Bg7 3. e3 d6 4. Nf3 f5 5. Nc3 Nf6 6. Bd3 O-O 7. O-O Qe8 8. c5
dxc5 9. Qb3+ Kh8 10. dxc5 e5 11. Bb5 Qe7 12. Bc4 Nc6 13. Nd5 Nxd5 14. Bxd5 Qxc5
15. e4 Qb6 16. Qa3 Bd7 17. Ng5 fxe4 18. Be3 Nd4 19. Nf7+ Rxf7 20. Bxf7 Bf8 21.
Bxd4 exd4 22. Qg3 Bg7 23. Rac1 Bc6 24. Qh3 Bb5 25. Rfe1 Rf8 26. Qe6 Qxe6 27.
Bxe6 e3 28. fxe3 dxe3 29. Bc4 Bc6 30. Re2 Bd4 31. Rf1 Rf5 32. Rxf5 gxf5 33. Bd3
f4 34. Kf1 Bd5 35. b3 c5 36. Rc2 Kg7 37. Be2 Be4 38. Rc1 b6 39. b4 Kf6 40. bxc5
Bxc5 41. Bc4 f3 42. gxf3 Bxf3 43. Be2 Bd5 44. Bc4 Bf3 1/2-1/2

[Event "3. Open de Calviá 2006 Aficionados"]
[Site "Calvia ESP"]
[Date "2006.10.11"]
[Round "1.15"]
[White "Uribe Arteaga, Daniel"]
[Black "Rautanen, Sari"]
[Result "1-0"]
[WhiteElo "2202"]
[BlackElo "1925"]
[PlyCount "93"]
[EventDate "2006.10.20"]
[EventType "swiss"]
[EventRounds "9"]
[EventCountry "ESP"]
[Source "lmi"]
[SourceDate "2006.10.20"]

1. e4 d6 2. d4 Nf6 3. Nc3 g6 4. f3 c6 5. Be3 b5 6. Qd2 Nbd7 7. g4 Nb6 8. Bd3 e5
9. dxe5 dxe5 10. O-O-O Be6 11. Bh6 Bxh6 12. Qxh6 Qe7 13. Kb1 b4 14. Nce2 a5 15.
Qe3 Na4 16. g5 Nh5 17. Ka1 O-O 18. Ng3 Nf4 19. N1e2 Qxg5 20. b3 Nc3 21. Nxc3
bxc3 22. Qc5 a4 23. Qxc3 axb3 24. cxb3 Rfb8 25. Bc4 Ra3 26. Kb1 Rba8 27. Rd2
Bxc4 28. Qxc4 Ne6 29. Qc3 Nd4 30. Rhd1 Qe7 31. Ne2 c5 32. Rc1 Qa7 33. Nxd4 cxd4
34. Qb2 Qb7 35. Rc4 Rxa2 36. Qxa2 Rxa2 37. Kxa2 Qa6+ 38. Kb2 Qf6 39. Rd3 Qh4
40. b4 Qxh2+ 41. Rc2 Qf4 42. b5 Qf6 43. Rc6 Qe7 44. Rb3 Qb7 45. b6 Qxc6 46. b7
Qxb7 47. Rxb7 1-0

[Event "3. Open de Calviá 2006 Aficionados"]
[Site "Calvia ESP"]
[Date "2006.10.11"]
[Round "1.16"]
[White "Mimbrero Cuello, Diego"]
[Black "Fogel, Pierre"]
[Result "0-1"]
[WhiteElo "1888"]
[BlackElo "2202"]
[PlyCount "60"]
[EventDate "2006.10.20"]
[EventType "swiss"]
[EventRounds "9"]
[EventCountry "ESP"]
[Source "lmi"]
[SourceDate "2006.10.20"]

1. e4 c5 2. Ne2 d6 3. d3 g6 4. Nbc3 Bg7 5. Be3 Nc6 6. Qd2 Nd4 7. Bxd4 cxd4 8.
Nd5 e6 9. Ndf4 Ne7 10. g3 O-O 11. Bg2 b6 12. O-O Bb7 13. Nh3 d5 14. f4 dxe4 15.
dxe4 Qd7 16. Rad1 Qb5 17. Nxd4 Qxb2 18. c3 Qxd2 19. Rxd2 Rac8 20. Rfd1 Rfd8 21.
Nb5 Rxd2 22. Rxd2 a6 23. Rd7 Bc6 24. Rxe7 Bxb5 25. Rb7 Bxc3 26. Bf1 Bd4+ 27.
Kg2 Rc2+ 28. Kf3 Bxf1 29. Ng5 Rf2+ 30. Kg4 h5+ 0-1

[Event "3. Open de Calviá 2006 Aficionados"]
[Site "Calvia ESP"]
[Date "2006.10.11"]
[Round "1.18"]
[White "Kuenitz, Klaus"]
[Black "Vazquez Gonzalez, Jesus"]
[Result "0-1"]
[WhiteElo "1820"]
[BlackElo "2185"]
[PlyCount "30"]
[EventDate "2006.10.20"]
[EventType "swiss"]
[EventRounds "9"]
[EventCountry "ESP"]
[Source "lmi"]
[SourceDate "2006.10.20"]

1. d4 Nf6 2. c4 e6 3. Nc3 b6 4. e4 Bb7 5. d5 Bb4 6. Qc2 exd5 7. exd5 O-O 8. Bd3
c6 9. Bd2 cxd5 10. cxd5 Qe7+ 11. Nge2 Nxd5 12. Bxh7+ Kh8 13. Qe4 Nxc3 14. Qxe7
Bxe7 15. Bxc3 Kxh7 0-1

[Event "3. Open de Calviá 2006 Aficionados"]
[Site "Calvia ESP"]
[Date "2006.10.11"]
[Round "1.19"]
[White "Galvao, Henrique"]
[Black "Kuenitz, Michael"]
[Result "1/2-1/2"]
[WhiteElo "2181"]
[BlackElo "1816"]
[PlyCount "121"]
[EventDate "2006.10.20"]
[EventType "swiss"]
[EventRounds "9"]
[EventCountry "ESP"]
[Source "lmi"]
[SourceDate "2006.10.20"]

1. e4 e6 2. d4 d5 3. e5 c5 4. c3 Nc6 5. Nf3 Bd7 6. Bd3 Qb6 7. O-O cxd4 8. cxd4
Nxd4 9. Ng5 Nh6 10. Be3 Qxb2 11. Nd2 Ndf5 12. Rb1 Qc3 13. Bb5 Bxb5 14. Rxb5
Nxe3 15. Qa4 Qa3 16. Qxa3 Bxa3 17. fxe3 b6 18. e4 Be7 19. Ngf3 dxe4 20. Nxe4
O-O 21. a4 Rac8 22. a5 bxa5 23. Rxa5 Bd8 24. Ra4 Bb6+ 25. Kh1 Nf5 26. h3 Ne3
27. Rfa1 Rc2 28. Ne1 Rb2 29. Nd6 Rf2 30. Nb5 Nf5 31. Nf3 Ne3 32. Nxa7 Rxg2 33.
Nc6 h6 34. Rb4 Rg3 35. Rxb6 Rxf3 36. Rb3 Rxh3+ 37. Kg1 Rg3+ 38. Kf2 Rg2+ 39.
Kf3 Rc2 40. Nd4 Rd8 41. Kxe3 Rh2 42. Nf3 Rc2 43. Ra7 Rdc8 44. Kf4 g5+ 45. Nxg5
hxg5+ 46. Kxg5 Kg7 47. Rg3 Rf2 48. Kh5+ Kh7 49. Ra4 Rc5 50. Re4 Rf5+ 51. Rg5 f6
52. Rxf5 exf5 53. Rf4 Rxe5 54. Ra4 Re7 55. Ra5 Rg7 56. Rxf5 Rg6 57. Ra5 Rg3 58.
Ra7+ Kg8 59. Kh4 Rg1 60. Kh3 f5 61. Ra5 1/2-1/2

[Event "3. Open de Calviá 2006 Aficionados"]
[Site "Calvia ESP"]
[Date "2006.10.11"]
[Round "1.20"]
[White "Febrero Perez, Lluis"]
[Black "Hallerod, Ralph"]
[Result "0-1"]
[WhiteElo "1754"]
[BlackElo "2180"]
[PlyCount "54"]
[EventDate "2006.10.20"]
[EventType "swiss"]
[EventRounds "9"]
[EventCountry "ESP"]
[Source "lmi"]
[SourceDate "2006.10.20"]

1. e4 c6 2. d4 d5 3. e5 Bf5 4. Nf3 e6 5. Bd3 Bg4 6. h3 Bxf3 7. Qxf3 Nd7 8. b3
c5 9. Bb2 cxd4 10. Bxd4 Qc7 11. Qe3 Ne7 12. Nd2 Nc6 13. f4 Nxd4 14. Qxd4 Bc5
15. Qb2 O-O 16. c4 Qb6 17. Nf3 Be3 18. g3 Nc5 19. Rd1 Nxd3+ 20. Rxd3 dxc4 21.
Rd6 Qb4+ 22. Ke2 Bc5 23. Rd7 cxb3 24. Qxb3 Qe4+ 25. Kf1 Rad8 26. Qxb7 Qe3 27.
Rh2 Rxd7 0-1

[Event "3. Open de Calviá 2006 Aficionados"]
[Site "Calvia ESP"]
[Date "2006.10.11"]
[Round "1.21"]
[White "Hutchinson, Paul A"]
[Black "Jonckers, Marie-Jeanne"]
[Result "1-0"]
[WhiteElo "2178"]
[BlackElo "1730"]
[PlyCount "41"]
[EventDate "2006.10.20"]
[EventType "swiss"]
[EventRounds "9"]
[EventCountry "ESP"]
[Source "lmi"]
[SourceDate "2006.10.20"]

1. e4 e6 2. d4 d5 3. Nc3 Bb4 4. e5 c5 5. a3 Bxc3+ 6. bxc3 Qa5 7. Bd2 c4 8. Qg4
Ne7 9. Qxg7 Ng6 10. Nf3 h6 11. Nh4 Nxh4 12. Qxh8+ Kd7 13. Qf6 Nf5 14. Qxf7+ Ne7
15. Be2 Nbc6 16. Bg4 Nd8 17. Qh7 Qc7 18. Bxh6 Kc6 19. Bg5 Nf5 20. Bxf5 exf5 21.
Qxc7+ 1-0

[Event "3. Open de Calviá 2006 Aficionados"]
[Site "Calvia ESP"]
[Date "2006.10.11"]
[Round "1.22"]
[White "Veras Sanz, Jose Antonio"]
[Black "Fokin, Sergey"]
[Result "0-1"]
[WhiteElo "1663"]
[BlackElo "2157"]
[PlyCount "46"]
[EventDate "2006.10.20"]
[EventType "swiss"]
[EventRounds "9"]
[EventCountry "ESP"]
[Source "lmi"]
[SourceDate "2006.10.20"]

1. Nf3 c5 2. g3 Nc6 3. Bg2 d5 4. O-O e5 5. d3 f6 6. Nbd2 Be6 7. c4 Nge7 8. cxd5
Nxd5 9. Ne4 Be7 10. b3 O-O 11. Qd2 Qd7 12. Ba3 b6 13. Rfe1 Rfd8 14. Rac1 a5 15.
Nc3 Nxc3 16. Qxc3 a4 17. b4 Nxb4 18. Bxb4 cxb4 19. Qc6 Qxc6 20. Rxc6 Bxa2 21.
Nd2 Rab8 22. Nc4 b3 23. Nb2 a3 0-1

[Event "3. Open de Calviá 2006 Aficionados"]
[Site "Calvia ESP"]
[Date "2006.10.11"]
[Round "1.23"]
[White "Schenk Papke, Andres"]
[Black "Ramon Sanchez Campins, Pedro"]
[Result "1-0"]
[WhiteElo "2155"]
[BlackElo "1629"]
[PlyCount "87"]
[EventDate "2006.10.20"]
[EventType "swiss"]
[EventRounds "9"]
[EventCountry "ESP"]
[Source "lmi"]
[SourceDate "2006.10.20"]

1. d4 Nf6 2. c4 e6 3. Nc3 d5 4. cxd5 exd5 5. Bg5 c6 6. e3 Be7 7. Qc2 Ne4 8.
Bxe7 Qxe7 9. Nxd5 cxd5 10. Qxc8+ Qd8 11. Qxd8+ Kxd8 12. Nf3 a6 13. Bd3 f6 14.
Rc1 Nc6 15. Nd2 Nb4 16. Bb1 Nxd2 17. Kxd2 Rc8 18. a3 Nc6 19. Rc5 Ne7 20. Ba2
Rxc5 21. dxc5 Kc7 22. Kc3 Kc6 23. b4 b6 24. cxb6 Kxb6 25. Kd4 Rc8 26. Bb3 a5
27. bxa5+ Kxa5 28. Rb1 Rd8 29. Kc5 Rb8 30. Kd6 Nf5+ 31. Kxd5 Nh4 32. Bc2 Rd8+
33. Ke6 Rd2 34. Bxh7 Rxf2 35. g3 Nf3 36. Kf7 Rxh2 37. Kxg7 Rh3 38. g4 Ng5 39.
Bf5 Rxe3 40. Kxf6 Nf3 41. Ra1 Nd4 42. a4 Rf3 43. Kg6 Rg3 44. Rd1 1-0

[Event "3. Open de Calviá 2006 Aficionados"]
[Site "Calvia ESP"]
[Date "2006.10.11"]
[Round "1.25"]
[White "Oliver Serrano, Angel"]
[Black "Alvarez Pedrosa, Valeriano"]
[Result "1/2-1/2"]
[WhiteElo "2153"]
[BlackElo "1966"]
[PlyCount "48"]
[EventDate "2006.10.20"]
[EventType "swiss"]
[EventRounds "9"]
[EventCountry "ESP"]
[Source "lmi"]
[SourceDate "2006.10.20"]

1. e4 c5 2. Nf3 Nc6 3. d4 cxd4 4. Nxd4 Nf6 5. Nc3 e5 6. Ndb5 d6 7. Bg5 a6 8.
Na3 b5 9. Nd5 Be7 10. Bxf6 Bxf6 11. c3 O-O 12. Nc2 Rb8 13. h4 Be6 14. Nce3 Bxd5
15. Nxd5 b4 16. Qa4 bxc3 17. bxc3 Ne7 18. Bc4 Nxd5 19. Bxd5 Rb2 20. g3 Qc7 21.
O-O Qxc3 22. Rac1 Qf3 23. Rc2 Rxc2 24. Qxc2 Bxh4 1/2-1/2

[Event "3. Open de Calviá 2006 Aficionados"]
[Site "Calvia ESP"]
[Date "2006.10.11"]
[Round "1.26"]
[White "Hernandez Recio, Roberto"]
[Black "Martin Rodriguez, Emilio"]
[Result "0-1"]
[WhiteElo "1935"]
[BlackElo "2130"]
[PlyCount "48"]
[EventDate "2006.10.20"]
[EventType "swiss"]
[EventRounds "9"]
[EventCountry "ESP"]
[Source "lmi"]
[SourceDate "2006.10.20"]

1. d4 b6 2. c4 Bb7 3. Bf4 e6 4. e3 f5 5. Nf3 Nf6 6. Bd3 Be7 7. O-O O-O 8. Re1
Ne4 9. Bxe4 fxe4 10. Nfd2 d5 11. Nc3 Nc6 12. a3 Nxd4 13. Bxc7 Qxc7 14. exd4
Rxf2 15. Rf1 e3 16. Rxf2 exf2+ 17. Kh1 Rf8 18. Qe2 Qf4 19. Qxe6+ Kh8 20. Nf1
dxc4 21. d5 Bf6 22. Rd1 Bc8 23. Qc6 Bg4 24. Rd2 Bxc3 0-1

[Event "3. Open de Calviá 2006 Aficionados"]
[Site "Calvia ESP"]
[Date "2006.10.12"]
[Round "2.1"]
[White "Niculae, Alexandru"]
[Black "Vrban, Mladen"]
[Result "1/2-1/2"]
[WhiteElo "2110"]
[BlackElo "2297"]
[PlyCount "27"]
[EventDate "2006.10.20"]
[EventType "swiss"]
[EventRounds "9"]
[EventCountry "ESP"]
[Source "lmi"]
[SourceDate "2006.10.20"]

1. d4 d6 2. e4 g6 3. c4 Bg7 4. Nc3 Nf6 5. Be2 O-O 6. Nf3 e5 7. O-O Nc6 8. dxe5
dxe5 9. Bg5 Qxd1 10. Rfxd1 Bg4 11. Bxf6 Bxf6 12. Ne1 Bxe2 13. Nxe2 Rad8 14. Nc3
1/2-1/2

[Event "3. Open de Calviá 2006 Aficionados"]
[Site "Calvia ESP"]
[Date "2006.10.12"]
[Round "2.2"]
[White "Galiana, Juan Ramon"]
[Black "Moran Rodriguez, Luciano"]
[Result "1-0"]
[WhiteElo "2291"]
[BlackElo "2130"]
[PlyCount "75"]
[EventDate "2006.10.20"]
[EventType "swiss"]
[EventRounds "9"]
[EventCountry "ESP"]
[Source "lmi"]
[SourceDate "2006.10.20"]

1. e4 c6 2. d4 d5 3. Nc3 g6 4. h3 Bg7 5. Nf3 Nh6 6. Bf4 f6 7. exd5 cxd5 8. Bb5+
Nc6 9. Qe2 Nf7 10. O-O-O O-O 11. Rhe1 e6 12. Kb1 Ne7 13. Rd3 a6 14. Ba4 b5 15.
Bb3 Nc6 16. Re3 Na5 17. Rxe6 Bxe6 18. Qxe6 Nxb3 19. axb3 Re8 20. Qxe8+ Qxe8 21.
Rxe8+ Rxe8 22. Nxd5 g5 23. Bd2 Re6 24. c4 Nd6 25. c5 Ne4 26. c6 Bf8 27. c7 Nd6
28. Nb6 Re8 29. Ba5 Nc8 30. Nd7 Be7 31. d5 Kf7 32. Nd4 Bd6 33. Nf5 Re2 34. Bb6
Kg6 35. Nxd6 Nxd6 36. Be3 f5 37. Nb6 f4 38. Bc5 1-0

[Event "3. Open de Calviá 2006 Aficionados"]
[Site "Calvia ESP"]
[Date "2006.10.12"]
[Round "2.3"]
[White "Van Hoolandt, Patrick"]
[Black "Castell Cantero, Salvador"]
[Result "1/2-1/2"]
[WhiteElo "2282"]
[BlackElo "2111"]
[PlyCount "128"]
[EventDate "2006.10.20"]
[EventType "swiss"]
[EventRounds "9"]
[EventCountry "ESP"]
[Source "lmi"]
[SourceDate "2006.10.20"]

1. d4 Nf6 2. c4 g6 3. Nc3 Bg7 4. e4 d6 5. Nf3 O-O 6. Be2 Re8 7. O-O e5 8. dxe5
dxe5 9. Qxd8 Rxd8 10. Bg5 c6 11. Nxe5 Re8 12. f4 h6 13. Bh4 Nh7 14. Nf3 Bxc3
15. bxc3 Rxe4 16. Nd4 Nd7 17. Rae1 Ndf6 18. Bf3 Rxe1 19. Rxe1 Bd7 20. Rb1 Bc8
21. Nxc6 bxc6 22. Bxc6 Bf5 23. Rb7 Be4 24. Rc7 Bxc6 25. Rxc6 Ne4 26. Be1 Nhf6
27. Rc7 Kf8 28. Kf1 Ne8 29. Rc6 Ke7 30. f5 Kd7 31. Ra6 N8d6 32. fxg6 fxg6 33.
Ke2 Nc5 34. Ra5 Kc6 35. Bf2 Ndb7 36. Rb5 Re8+ 37. Be3 a6 38. Rb4 Nd6 39. Kf3 a5
40. Rb1 Nxc4 41. Bxh6 Ne5+ 42. Kf4 Ncd3+ 43. Kg3 Nf7 44. Bg7 Re3+ 45. Kg4 Nf2+
46. Kh4 g5+ 47. Kh5 Re6 48. Rf1 Re2 49. Bd4 Ne4 50. Rxf7 Rxg2 51. Be5 Rxa2 52.
Kg4 a4 53. Kf5 Rf2+ 54. Kg6 Rxf7 55. Kxf7 Kd5 56. Bg7 a3 57. c4+ Kxc4 58. Ba1
Nc3 59. Kg6 Kb3 60. Kxg5 Nd1 61. h4 Ka2 62. h5 Kxa1 63. h6 Kb1 64. h7 a2
1/2-1/2

[Event "3. Open de Calviá 2006 Aficionados"]
[Site "Calvia ESP"]
[Date "2006.10.12"]
[Round "2.4"]
[White "Barcelo, Pedro"]
[Black "Bergas Ferriol, Jeronimo"]
[Result "1-0"]
[WhiteElo "2261"]
[BlackElo "2108"]
[PlyCount "95"]
[EventDate "2006.10.20"]
[EventType "swiss"]
[EventRounds "9"]
[EventCountry "ESP"]
[Source "lmi"]
[SourceDate "2006.10.20"]

1. d4 d5 2. Nf3 Nf6 3. g3 Bf5 4. Bg2 c6 5. O-O e6 6. c4 Nbd7 7. cxd5 exd5 8.
Nc3 Bd6 9. Nh4 Be6 10. f4 Nb6 11. f5 Bd7 12. Bg5 Be7 13. e4 dxe4 14. Nxe4 O-O
15. Nc5 Bc8 16. Nf3 Nbd5 17. Ne5 h6 18. Bxf6 Nxf6 19. Re1 Bxc5 20. dxc5 Qxd1
21. Raxd1 Bxf5 22. Nc4 Be6 23. Nd6 Rab8 24. b4 a6 25. a3 Rfd8 26. Bf1 Kf8 27.
Bc4 Bxc4 28. Nxc4 Rxd1 29. Rxd1 Nd5 30. Re1 g6 31. Nd6 h5 32. Kg2 b6 33. cxb6
Rxb6 34. Re8+ Kg7 35. Rc8 Ne7 36. Rc7 Kf6 37. Rxe7 a5 38. Rxf7+ Ke6 39. Rb7 Ra6
40. Ne4 Kd5 41. Nc5 Ra8 42. Nd3 Ke4 43. Nf4 g5 44. Nxh5 Rd8 45. bxa5 Ra8 46.
Rb4+ Kf5 47. Ra4 g4 48. a6 1-0

[Event "3. Open de Calviá 2006 Aficionados"]
[Site "Calvia ESP"]
[Date "2006.10.12"]
[Round "2.5"]
[White "Mercant Simon, Jaume"]
[Black "Tattersall, Lester"]
[Result "0-1"]
[WhiteElo "2108"]
[BlackElo "2254"]
[PlyCount "152"]
[EventDate "2006.10.20"]
[EventType "swiss"]
[EventRounds "9"]
[EventCountry "ESP"]
[Source "lmi"]
[SourceDate "2006.10.20"]

1. e4 c5 2. Nf3 d6 3. d4 cxd4 4. Nxd4 Nf6 5. Nc3 a6 6. Bg5 e6 7. f4 Qb6 8. Qd2
Qxb2 9. Rb1 Qa3 10. Bxf6 gxf6 11. f5 Nc6 12. fxe6 Bh6 13. Qd3 fxe6 14. Nxc6
bxc6 15. Qd4 Bf4 16. Qc4 Bd7 17. Be2 Be5 18. Rb3 Qc1+ 19. Nd1 Ke7 20. O-O Rab8
21. Ne3 Qd2 22. Rd1 Qa5 23. Ng4 Rxb3 24. axb3 Ra8 25. Qd3 Qc3 26. Nxe5 Qxe5 27.
Qd2 d5 28. Bf3 Qg5 29. Qb4+ Ke8 30. Qc5 Rb8 31. exd5 cxd5 32. Re1 Rb5 33. Qa7
Qd2 34. Re2 Qc3 35. Qxa6 Qc5+ 36. Kf1 Ra5 37. Qd3 Ra1+ 38. Re1 Bb5 39. Bh5+ Kf8
40. c4 Rxe1+ 41. Kxe1 dxc4 42. Qxh7 Qe3+ 43. Be2 cxb3 44. Qh8+ Ke7 45. Qg7+ Kd6
46. Qf8+ Kd7 47. Qf7+ Kd6 48. Qf8+ Kd5 49. Qa8+ Bc6 50. Qa5+ Kd6 51. Qd8+ Ke5
52. Qc7+ Kd5 53. Qa5+ Ke4 54. Qb4+ Ke5 55. Qa5+ Bd5 56. Qc7+ Kf5 57. Qh7+ Ke5
58. Qc7+ Ke4 59. Qh7+ f5 60. Qh4+ Ke5 61. Qh8+ Ke4 62. Qh4+ Qf4 63. Bf3+ Ke3
64. Qf2+ Kd3 65. Be2+ Ke4 66. Bf3+ Ke5 67. Qc5 Qh4+ 68. g3 Qc4 69. Qe3+ Be4 70.
Qf4+ Kd5 71. Qd2+ Kc6 72. Be2 Qc2 73. Qd8 Qc1+ 74. Kf2 Qc5+ 75. Kf1 b2 76. Qa8+
Kc7 0-1